AMCHO BASTHAR (Record no. 7637)
[ view plain ]
| 000 -LEADER | |
|---|---|
| fixed length control field | 01331nam a22001577a 4500 |
| 020 ## - INTERNATIONAL STANDARD BOOK NUMBER | |
| ISBN | 978-93-5549-518-1 |
| 082 ## - DEWEY DECIMAL CLASSIFICATION NUMBER | |
| Classification number | 894.812 |
| Item number | NAN/A |
| 100 ## - MAIN ENTRY--AUTHOR NAME | |
| Personal name | NANDINI MENON |
| 245 ## - TITLE STATEMENT | |
| Title | AMCHO BASTHAR |
| 246 ## - VARYING FORM OF TITLE | |
| Title proper/short title | AMCHO BASTHAR |
| Remainder of title | AMCHO BASTHAR |
| 260 ## - PUBLICATION, DISTRIBUTION, ETC. (IMPRINT) | |
| Place of publication | KOZHIKODE |
| Name of publisher | MATHRUBHUMI BOOKS |
| Year of publication | 2023 |
| 300 ## - PHYSICAL DESCRIPTION | |
| Number of Pages | 342 |
| 520 ## - SUMMARY, ETC. | |
| Summary, etc | ഐതിഹാസികമായും ഭൂമിശാസ്ത്രപരമായും നരവംശശാസ്ത്രപരമായുമൊക്കെ ഏറെ സവിശേഷതകളുണ്ട്് ബസ്തറിന്. ഇന്ത്യന് ഭൂപടത്തില് ചോരച്ചുവപ്പിനാല് കലാപഭൂമിയെന്ന നിലയില് അടയാളപ്പെടുത്തപ്പെട്ട്, സുരക്ഷാക്യാമ്പുകളാല് വലയം ചെയ്യപ്പെട്ട് ഈ പ്രദേശം വാര്ത്തകളില് നിറയുന്നു. അപരിചിതമായ ഭൂപ്രദേശങ്ങളില് അപരിചിതര്ക്കൊപ്പം നടത്തിയ അസാധാരണമായ യാത്രകളുടെ അനുഭവവിവരണം |
| 650 ## - SUBJECT ADDED ENTRY--TOPICAL TERM | |
| Topical Term | MALAYALAM TRAVALOGUE |
| 942 ## - ADDED ENTRY ELEMENTS (KOHA) | |
| Koha item type | Books |
| Withdrawn status | Lost status | Collection code | Home library | Current library | Shelving location | Date acquired | Source of acquisition | Cost, normal purchase price | Full call number | Accession Number | Koha item type |
|---|---|---|---|---|---|---|---|---|---|---|---|
| Non-fiction | Main Library | Main Library | NEW SHELF WITH NEW ENTRY | 20/11/2023 | Purchase | 550.00 | 894.812 NAN/A | 13367 | Books |